000 00356nam a2200145 i 4500
001 bg
100 1 _aPERELOMOVA, N. V.
245 0 _aZadacnik po kristallofizike /
_cN.V. Perelomova, M.M. Tagieva.
260 _aMoskva,
_c1972.
700 1 _aTAGIEVA, M. M.
040 _cBPK
041 _apol
942 _cKS
008 s pl f |000 0 pol
999 _c26725
_d26725
856 _uhttp://koha.tu.koszalin.pl/cgi-bin/koha/opac-detail.pl?biblionumber=26725
_yKatalog online BPK